skbl

Dr Suryya Kumar Bhuyan Library Web-OPAC
ডঃ সূৰ্য্য
কুমাৰ ভূঞা পুথিভঁৰাল ৱেব-অ'পেক

All Research Scholars are advised to clear the annual library fees to continue using Library Resources, Remote Access, Plagiarism Test and Library Clearance.

Cotton University Book Fair 2026

Panchasiddhantika: the astronomical work of Varaha Mihira / (Record no. 2499)

MARC details
000 -LEADER
fixed length control field 00518nam a2200157Ia 4500
001 - CONTROL NUMBER
control field 2506
008 - FIXED-LENGTH DATA ELEMENTS--GENERAL INFORMATION
fixed length control field 220818s1889 ii a g b000 u 465 u
082 ## - DEWEY DECIMAL CLASSIFICATION NUMBER
Classification number 520
100 ## - MAIN ENTRY--PERSONAL NAME
Personal name Thibaut, G .
245 #0 - TITLE STATEMENT
Title Panchasiddhantika: the astronomical work of Varaha Mihira /
Statement of responsibility, etc. G. Thibaut and Mahamahopadhyaya Sudhakara Dvivedi ed.
Medium Textual Documents
250 ## - EDITION STATEMENT
Edition statement 1st ed /
260 ## - PUBLICATION, DISTRIBUTION, ETC.
Place of publication, distribution, etc. Benaras :
Name of publisher, distributor, etc. E. J. Lazarus and co. ,
Date of publication, distribution, etc. 1889.
300 ## - PHYSICAL DESCRIPTION
Extent 105p. :
Other physical details ill ;
Dimensions 29cm .
653 ## - INDEX TERM--UNCONTROLLED
Uncontrolled term Astronomy - work of Varaha Mihira
942 ## - ADDED ENTRY ELEMENTS (KOHA)
Source of classification or shelving scheme Dewey Decimal Classification
Koha item type Books
Holdings
Withdrawn status Lost status Damaged status Not for loan Home library Current library Date acquired Coded location qualifier Total checkouts Full call number Barcode Date last seen Copy number Price effective from Koha item type
        Dr. Suryya Kumar Bhuyan Library Dr. Suryya Kumar Bhuyan Library 01/02/2012 00000   520 Th 421 P 39808 13/01/2024 1 01/02/2012 Books

Designed and Maintained by Team SKBL
©1901-2026

Powered by Koha